000 00763nam a22002777a 4500
001 BR7326243
003 BR-BrBNA
005 20230928084352.0
007 ta
008 230509b bl.||||| |||| 00| 0 por d
040 _aBR-BrBNA
_bpor
_cBiblioteca Nacional de Agricultura
041 _a(Por)
072 _aK50
_b0312
_b9590
_b/G514
090 _ 0312 BR7326243
100 1 _aSilva, M.
110 1 _aInstituto Nacional de Tecnologia, Rio de Janeiro, GB (Brasil)
_96511
245 1 _aCera e oleo de licuri [Cocos coronata, Brasil]
260 3 _aRio de Janeiro, GB (Brasil):
_c1940.
300 _a22 p.
650 _aOLEO
650 _aCERA
650 _aPRODUCAO FLORESTAL
650 _aEXTRATO
909 _a202309
_bLucia
_c55
_dLucia Elande
942 _cBK
999 _c18478
_d18478